La religion des chinois

Saved in:
Bibliographic Details
Main Author: Granet, Marcel (Author)
Format: Book
Language:French
Published: París Presses Universitaires de France 1951
Edition:2a. ed
Series:Bibliotheque de Philosophie Contemporaine
Subjects:
Tags: Add Tag
No Tags, Be the first to tag this record!

MARC

LEADER 00000nam a2200000 a 4500
001 UCP5467
003 CL-VaPUC
008 990910e19510000FR |||||||||||||||||fre|d
082 0 4 |a 299.51  |b GRA  |2 21 
100 |a Granet, Marcel  |e author  |9 459342 
245 1 3 |a La religion des chinois 
250 |a 2a. ed 
300 |a 175 p 
942 |c BK 
945 |d 19990910 00:00:00  |a crobeson 
260 |a París  |b Presses Universitaires de France  |c 1951 
650 0 |a Religiones orientales  |9 416768 
650 7 |a FOLKLORE  |2 CL-VaPUC  |9 268291 
650 7 |a TAOISMO  |2 CL-VaPUC  |9 323460 
650 7 |a BUDISMO  |2 CL-VaPUC  |9 433887 
651 0 |a China   |9 257545 
583 |a last modification  |c 19990910 00:00:00  |k Rodrigo Vera 
490 0 |a Bibliotheque de Philosophie Contemporaine 
999 |c 283212  |d 283210 
952 |0 0  |1 0  |4 0  |6 299_510000000000000_GRA_1951  |7 0  |8 A  |9 326106  |a BIBHIS  |b BIBHIS  |d 2019-11-20  |i 1357530  |o 299.51 GRA 1951  |p 1357530  |r 2025-01-20  |w 2019-11-20  |y BK  |k HIS